[Event "EIC 67 sf1 email"]
[Site "email"]
[Date "2005.09.01"]
[Round "?"]
[White "Ponomarev, Aleksandr"]
[Black "Vermeulen, Jacques"]
[Result "1-0"]
[WhiteElo "2331"]
[BlackElo "2314"]
[PlyCount "101"]
[EventDate "2005.09.01"]
[EventType "tourn (corr)"]
[EventRounds "9"]
[SourceTitle "Corr 2024"]
[Source "ChessBase"]
[SourceDate "2023.10.19"]
[SourceVersion "1"]
[SourceVersionDate "2023.10.19"]
[SourceQuality "1"]

1. d4 Nf6 2. c4 g6 3. Nc3 d5 4. cxd5 Nxd5 5. e4 Nxc3 6. bxc3 Bg7 7. Nf3 c5 8. Rb1 0-0 9. Be2 Nc6 10. d5 Ne5 11. Nxe5 Bxe5 12. Qd2 Bg7 13. c4 Qc7 14. 0-0 e5 15. Rb3 Bd7 16. Qg5 b6 17. Qh4 Qd6 18. Bg5 Rae8 19. Ra3 f6 20. Bd2 Ra8 21. Bg4 f5 22. Bh3 Rf7 23. Re1 a6 24. exf5 gxf5 25. Qg5 Rf6 26. Bc3 Rg6 27. Qd2 f4 28. Bxd7 Qxd7 29. Bxe5 Bxe5 30. Rxe5 Qg7 31. Qxf4 Rxg2+ 32. Kf1 Rg1+ 33. Ke2 Rf8 34. Qg3 Rxg3 35. Rxg3 Rf4 36. d6 Qxg3 37. hxg3 Rd4 38. a4 Rxd6 39. a5 bxa5 40. Rxc5 a4 41. Ra5 Kf7 42. Rxa4 Rg6 43. Kd3 Ke8 44. Rb4 Rf6 45. Ke3 h5 46. Rb7 Rg6 47. Rh7 Rg5 48. Kd4 a5 49. c5 Kd8 50. Kc4 Re5 51. f4 1-0